000 00757nam a22002657a 4500
001 BR8202055
003 BR-BrBNA
005 20230928091310.0
007 ta
008 230509b bl.||||| |||| 00| 0 por d
040 _aBR-BrBNA
_bpor
_cBiblioteca Nacional de Agricultura
041 _a(Por)
072 _aE70
_b0100
_b/G514
090 _ 0100 BR8202055
110 1 _aBolsa de Cereais de Sao Paulo, SP (Brasil)
_91271
245 1 _aRelatorio. Exercicio 1981 [Bolsa de Cereais de Sao Paulo, administracao agricola, preco, Brasil]
260 3 _aSao Paulo, SP (Brasil):
_c1982.
300 _a17 p.
650 _aCEREAL
650 _aMERCADO
650 _aPRECO MEDIO
650 _aSAO PAULO
909 _a202309
_bLucia
_c55
_dLucia Elande
942 _cBK
999 _c33272
_d33272